书目信息 |
| 题名: |
测控仪器设计
|
|
| 作者: | 浦昭邦 , 王宝光 主编 | |
| 分册: | ||
| 出版信息: | 北京 机械工业出版社 2005.04 |
|
| 页数: | 340页 | |
| 开本: | 24cm | |
| 丛书名: | 测控技术与仪器专业系列教材 | |
| 单 册: | ||
| 中图分类: | TM93 | |
| 科图分类: | ||
| 主题词: | 电子测量设备--dian zi ce liang she bei--高等教育--教材 | |
| 电子资源: | ||
| ISBN: | 7-111-08489-6 | |
| 000 | 01062nam 2200277 450 | |
| 001 | 012006065830 | |
| 005 | 20060920155657.12 | |
| 010 | @a7-111-08489-6@dCNY25.00 | |
| 100 | @a20060625d2005 km y0chiy0120 ea | |
| 101 | 0 | @achi |
| 102 | @aCN@b110000 | |
| 105 | @aa a 000yy | |
| 200 | 1 | @a测控仪器设计@Ace kong yi qi she ji@f浦昭邦, 王宝光主编@Fpu zhao bang,wang bao guang zhu bian |
| 210 | @a北京@c机械工业出版社@d2005.04 | |
| 215 | @a340页@c图@d24cm | |
| 225 | 2 | @a测控技术与仪器专业系列教材@Ace kong ji shu yu yi qi zhuan ye xi lie jiao cai |
| 300 | @a普通高等教育机电类规划教材 | |
| 320 | @a有书目。 | |
| 330 | @a本书系统论述了测控仪器的精度设计、总体设计的理论与方法,并分析了在总体设计时如何考虑测控仪器的机械系统、电路系统、光电系统设计的主要问题和方法。 | |
| 410 | 0 | @12001 @a测控技术与仪器专业系列教材 |
| 606 | 0 | @a电子测量设备@Adian zi ce liang she bei@x高等教育@j教材 |
| 690 | @aTM93@v4 | |
| 701 | 0 | @a浦昭邦@Apu zhao bang@4主编 |
| 701 | 0 | @a王宝光@Awang bao guang@4主编 |
| 801 | 0 | @aCN@bQSSK@c20060920 |
| 905 | @a10447@dTM93@eP860 | |
| 测控仪器设计/浦昭邦, 王宝光主编.-北京:机械工业出版社,2005.04 |
| 340页:图;24cm.-(测控技术与仪器专业系列教材) |
| 普通高等教育机电类规划教材 |
| ISBN 7-111-08489-6:CNY25.00 |
| 本书系统论述了测控仪器的精度设计、总体设计的理论与方法,并分析了在总体设计时如何考虑测控仪器的机械系统、电路系统、光电系统设计的主要问题和方法。 |
| ● |
| 相关链接 |
|
|
|
正题名:测控仪器设计
索取号:TM93/P860
 
预约/预借
| 序号 | 登录号 | 条形码 | 馆藏地/架位号 | 状态 | 备注 |
| 1 | 591808 | 205918088 | 自科二线404/404自科库 12排5列5层/ [索取号:TM93/P860] | 在馆 | |
| 2 | 591809 | 205918097 | 自科库301/301自科库 22排2列1层/ [索取号:TM93/P860] | 在馆 | |
| 3 | 591810 | 205918104 | 自科库301/301自科库 22排2列1层/ [索取号:TM93/P860] | 在馆 |